=LDR 00000nam 2200000 4500 =001 INLIS000000000005497 =005 20251016014744 =035 ##$$a 0010-1025000552 =007 ta =008 251016###########################0#ind## =082 ##$$a 361.2 =084 ##$$a 361.2 BAD p =100 #$$a Badan Koordinasi Keluarga Berencana Nasional =245 1#$$a Pembinaan Petugas dalam Upaya Memperkuat Institusi Masyarakat /$c Badan Koordinasi Keluarga Berencana Nasional =260 ##$$a Majalengka :$b Badan Koordinasi Keluarga Berencana Nasional =300 ##$$a 23 Hal : $b Ilus ; $c 21 =650 #4$$a Keluarga Berencana =856 ##$$a Perpustakaan Kemendukbangga